| 000 | 00455nam a2200181Ia 4500 | ||
|---|---|---|---|
| 001 | 12890 | ||
| 003 | IN-NITTTR | ||
| 005 | 20251114233121.0 | ||
| 008 | 251113s9999||||xx |||||||||||||| ||eng|| | ||
| 040 | _beng | ||
| 040 | _cIN-NITTTR | ||
| 041 | _aeng | ||
| 082 | _a005.133 G316I | ||
| 100 | _aGerlach, Vernon S. | ||
| 245 | 3 |
_aAn interactive approach to BASIC / _cGerlach, Vernon S., Cooper, Mary E. |
|
| 700 | _a Cooper, Mary E. | ||
| 942 |
_2ddc _cBK |
||
| 999 |
_c15526 _d15526 |
||